000 00585nam a2200229Ia 4500
003 OSt
005 20221005124126.0
006 a|||||r|||| 00| 0
007 ta
008 221004b |||||||| |||| 00| 0 tam d
024 _a45552
037 _cTextual
040 _aCRL
_cCRL
_btam
041 _2tam
_atam
082 _aw211,M75, 31J9
100 _aThirunavukkarasu Au.
_9634742
245 0 _aMdrai malai yadi varalarn
260 _c1969
650 _aBIOGRAPHY
942 _hw211,M75, 31J9
_cTEXL
_2cc
999 _c1049546
_d1049546